MARC

LEADER 00000nam0a2200000 4500
001 32537
005 20231030204921.0
010 |a 5283030946 
035 |a (RuTPU)RU\TPU\book\32836 
035 |a BOOK00000041 
090 |a 32537 
100 |a 20011210d1992 k y0rusy50 ca 
101 0 |a rus 
102 |a RU 
105 |a y z 001zy 
200 1 |a Малогабаритные ядерные источники электрической энергии  |f Ю. В. Лазаренко, А. А. Пустовалов, В. П. Шаповалов 
210 |a Москва  |c Энергоатомиздат  |d 1992 
215 |a 208 с. 
320 |a Библиогр.: с. 196-203. 
610 1 |a электроэнергетика 
610 1 |a электротехника 
610 1 |a электрическая энергия 
610 1 |a ядерные источники малогабаритные 
610 1 |a радиоактивные нуклиды 
610 1 |a распад 
610 1 |a радионуклидные термоэлектрические генераторы 
610 1 |a М-РИТЭГ 
610 1 |a проектирование 
610 1 |a расчет 
675 |a 621.311.25:621.039  |v 3 
700 1 |a Лазаренко  |b Ю. В.  |g Юрий Васильевич 
701 1 |a Пустовалов  |b А. А.  |g Алексей Антонович 
701 1 |a Шаповалов  |b В. П.  |g Владимир Петрович 
801 0 |a RU  |b 63413507  |c 20011210  |g PSBO 
801 2 |a RU  |b 63413507  |c 20170113  |g PSBO 
942 |c BK